000 00426nam a2200169Ia 4500
003 GCL
008 140319s9999 xx 000 0 eng d
040 _aGCL /
_cGCL
082 0 4 _a635.9
_bN B
100 1 _aBROOKES, JOHN
245 1 0 _aTHE NEW SMALL GARDEN BOOK /
_cBROOKES, JOHN
260 _a[S.N] :
_bDORLING KINDERSLEY ،
_c1989
300 _a224 PP
650 0 4 _aGARDENS
650 0 4 _aINDOOR GARDENS
942 _2ddc
_cBK
999 _c18928
_d18928